LEADER 00838nam a2200217 i 4500 001 000000162531 003 CaOOAMICUS 005 20250617161123.0 008 070627n it u000 u ita u 013 $a139895 020 $a88-222-3187-2 040 $aSeMil$bita 245 10$a[2]. 490 0 $aBiblioteca dell'Archivum romanicum. Serie 1., Storia, letteratura, paleografia ;$v180 773 0 $tUmanesimo e Rinascimento a Firenze e Venezia.$w()18054 830 0$aBiblioteca dell'Archivum romanicum. Serie 1., Storia, letteratura, paleografia ;$v180.$0(OLS)http://semarc/title/21787 850 $aSeMil 852 $aSeMil$W1$xVenegono$y1$m1D II 49$j113875$B113875$CSeMilBibl$Z2$F124612 $81 996 $6020$a88-222-3187-2$9(OLS)http://semarc/number/54722 996 $6245$a[2]$9(OLS)http://semarc/title/54267 LEADER 01620nam a2200241 i 4500 001 000000003533 003 CaOOAMICUS 005 20220609114333.0 008 180830s2000 it u000 u ita u 040 $aSeMil$bita 245 00$aGuida degli Archivi capitolari d'Italia /$ca cura di Salvatore Palese ... [et al.]. 300 $a3 v. ;$c24 cm. 490 1 $aPubblicazioni degli Archivi di Stato 490 1 $aQuaderni di Archiva Ecclesiae 650 4$aArchivi ecclesiastici - Archivi capitolari.$0(OLS)http://semarc/subject/52373 700 1 $aPalese, Salvatore,$c.$0(OLS)http://semarc/name/2658 774 0 $tGuida degli Archivi capitolari d'Italia.$dCittą del Vaticano : [s.n.], 2000$kQuaderni di Archiva Ecclesiae$w()77127 774 0 $tGuida degli Archivi capitolari d'Italia.$dCittą del Vaticano : [s.n.], 2003$kQuaderni di Archiva Ecclesiae$kPubblicazioni degli Archivi di Stato / Ministero per i Beni e le Attivitą Culturali, Ufficio Centrale per i beni archivistici$w()114519 774 0 $tGuida degli Archivi capitolari d'Italia.$dRoma : [s.n.], 2006$kQuaderni di Archiva Ecclesiae$kPubblicazioni degli Archivi di Stato / Ministero per i Beni e le Attivitą Culturali, Ufficio Centrale per i beni archivistici$w()163678 830 0$aQuaderni di Archiva Ecclesiae.$0(OLS)http://semarc/title/563 830 0$aPubblicazioni degli Archivi di Stato / Ministero per i Beni e le Attivitą Culturali, Ufficio Centrale per i beni archivistici.$0(OLS)http://semarc/title/8568 996 $6245$aGuida degli Archivi capitolari d'Italia$9(OLS)http://semarc/title/6020